| 000 | 01197nam a22002537a 4500 | ||
|---|---|---|---|
| 005 | 20100603112542.0 | ||
| 008 | 100603t xxu||||| |||| 00| 0 hin d | ||
| 010 | _aHIN-89486 | ||
| 020 |
_c200.00 _a8188140902 |
||
| 035 | _aHN-61832 | ||
| 037 | _bDBAD / PUB | ||
| 040 |
_aDPL _bHN |
||
| 082 | _a821.08 | ||
| 245 |
_aकुमारसंभव / _cमूलचन्द्र पाठक द्वारा अनुदित |
||
| 246 |
_aKumarsambhav _bby Mool Chandra Pathak |
||
| 260 |
_aनई दिल्ली _bविद्या विहार _c2010 |
||
| 270 |
_a1660 कूचा दखनीराय, दरियागंज _bनई दिल्ली _e110002 |
||
| 300 |
_a140पृ _c22सेमी (सजिल्द) |
||
| 650 |
_aहिन्दी कविता _xइतिहास एवं समालोचना _922964 |
||
| 650 |
_aHindi Poetry _xHistory and criticism _922965 |
||
| 700 |
_aपाठक, मूलचन्द्र _922966 |
||
| 942 |
_2ddc _cHN _mकुमार _h821.08 |
||
| 999 |
_c36551 _d36551 |
||